00307nam a2200133Ia 4500003000400000005001700004008004100021020001500062040002000077100001700097245004200114260000800156260000900164OSt20240208112540.0170524s9999 xx 000 0 und d a8182092450 cIIMT UNIVERSITY aLEON- ALEXIS 0aFundamental of Information Technology bUBS c1999